[Event "Madrid-ch superveteranos 2016/2017"]
[Site "Madrid ESP"]
[Date "2017.01.24"]
[Round "3.17"]
[White "Perez Carballeira, Francisco"]
[Black "Martinez Carrasco, Jesus"]
[Result "0-1"]
[WhiteElo "1448"]
[BlackElo "1636"]
[PlyCount "108"]
[EventDate "2017.01.20"]
[EventType "swiss"]
[EventRounds "7"]
[EventCountry "ESP"]
[SourceTitle "Ajedrez en Madrid"]
[Source "lmi"]
[SourceDate "2017.01.20"]
[SourceVersion "1"]
[SourceVersionDate "2017.01.31"]
[SourceQuality "1"]

1. d4 Nf6 2. c4 g6 3. Nc3 Bg7 4. e4 d6 5. Bd3 O-O 6. Nge2 Nbd7 7. O-O c5 8.
dxc5 Nxc5 9. Bc2 a6 10. Be3 b6 11. Rb1 Bb7 12. f3 e6 13. Qd2 Qc7 14. Rfd1 Rfd8
15. b4 Ncd7 16. Qxd6 Qxc4 17. Bb3 Qc6 18. Qxc6 Bxc6 19. Rd6 Rdc8 20. Rbd1 Bf8
21. R6d2 Bxb4 22. Rc2 Bc5 23. Kf2 Bxe3+ 24. Kxe3 Nc5 25. Rd6 Nxb3 26. axb3 Ne8
27. Rdd2 a5 28. Nd4 Bb7 29. Ndb5 Ba6 30. Nd6 Nxd6 31. Rxd6 b5 32. Kd2 Kf8 33.
Ra2 b4 34. Ne2 Bxe2 35. Kxe2 Rc3 36. Rd3 Rc5 37. Rd4 Rac8 38. Kd2 Ke7 39. f4
Rd8 40. Rxd8 Kxd8 41. Rc2 Rb5 42. Kd3 e5 43. g3 exf4 44. gxf4 Kd7 45. Kd4 f6
46. Rc5 Rxc5 47. Kxc5 h6 48. Kb5 g5 49. fxg5 fxg5 50. Kxa5 h5 51. Kxb4 h4 52.
Kc4 g4 53. Kd3 g3 54. hxg3 h3 0-1

[Event "Madrid-ch superveteranos 2016/2017"]
[Site "Madrid ESP"]
[Date "2017.01.25"]
[Round "4.1"]
[White "Pastor Alonso de Prado, Emilio Alberto"]
[Black "Ciuro Munoz, Ricardo"]
[Result "1/2-1/2"]
[WhiteElo "2113"]
[BlackElo "2015"]
[PlyCount "39"]
[EventDate "2017.01.20"]
[EventType "swiss"]
[EventRounds "7"]
[EventCountry "ESP"]
[SourceTitle "Ajedrez en Madrid"]
[Source "lmi"]
[SourceDate "2017.01.20"]
[SourceVersion "1"]
[SourceVersionDate "2017.01.31"]
[SourceQuality "1"]

1. e4 e6 2. d4 d5 3. e5 c5 4. c3 Qb6 5. Nf3 Nc6 6. Be2 cxd4 7. cxd4 Nh6 8. Nc3
Nf5 9. Na4 Qd8 10. O-O Be7 11. b3 O-O 12. Bb2 b6 13. Rc1 Bd7 14. Bd3 Nh6 15.
Nc3 f6 16. exf6 Bxf6 17. Ba3 Be7 18. Bxe7 Qxe7 19. Ne2 e5 20. Nxe5 1/2-1/2

[Event "Madrid-ch superveteranos 2016/2017"]
[Site "Madrid ESP"]
[Date "2017.01.25"]
[Round "4.2"]
[White "Estrada Martinez, Cesar"]
[Black "Mayer Schwartz, Rene"]
[Result "1/2-1/2"]
[WhiteElo "2067"]
[BlackElo "2032"]
[PlyCount "26"]
[EventDate "2017.01.20"]
[EventType "swiss"]
[EventRounds "7"]
[EventCountry "ESP"]
[SourceTitle "Ajedrez en Madrid"]
[Source "lmi"]
[SourceDate "2017.01.20"]
[SourceVersion "1"]
[SourceVersionDate "2017.01.31"]
[SourceQuality "1"]

1. c4 e5 2. Nc3 Nf6 3. g3 d5 4. cxd5 Nxd5 5. Bg2 Ne7 6. Nf3 Nbc6 7. O-O g6 8.
b4 a6 9. Bb2 Bg7 10. a3 O-O 11. d3 Nf5 12. Ne4 Nd6 13. Nxd6 cxd6 1/2-1/2

[Event "Madrid-ch superveteranos 2016/2017"]
[Site "Madrid ESP"]
[Date "2017.01.25"]
[Round "4.3"]
[White "Ortega Morales, Pedro"]
[Black "Fernandez Garcia, Ignacio"]
[Result "0-1"]
[WhiteElo "1748"]
[BlackElo "1833"]
[PlyCount "64"]
[EventDate "2017.01.20"]
[EventType "swiss"]
[EventRounds "7"]
[EventCountry "ESP"]
[SourceTitle "Ajedrez en Madrid"]
[Source "lmi"]
[SourceDate "2017.01.20"]
[SourceVersion "1"]
[SourceVersionDate "2017.01.31"]
[SourceQuality "1"]

1. d4 d5 2. Bf4 Nd7 3. e3 c6 4. c3 Ngf6 5. Bd3 g6 6. h3 Bg7 7. Nd2 c5 8. Rc1
O-O 9. Ngf3 c4 10. Bc2 b5 11. e4 dxe4 12. Nxe4 Bb7 13. Nxf6+ Nxf6 14. O-O a5
15. a3 Re8 16. Re1 Nd5 17. Bd2 Qc7 18. b3 cxb3 19. Bxb3 a4 20. c4 axb3 21. cxd5
Qd7 22. Qxb3 Bxd5 23. Qd1 Rxa3 24. Be3 Qf5 25. Rb1 Qd7 26. Qe2 Bc4 27. Qc2 Rea8
28. Rb2 h6 29. Ne5 Bxe5 30. dxe5 Ra1 31. Rbb1 Bd3 32. Rbd1 Bxc2 0-1

[Event "Madrid-ch superveteranos 2016/2017"]
[Site "Madrid ESP"]
[Date "2017.01.25"]
[Round "4.4"]
[White "Campos Calvo-Sotelo, Juan"]
[Black "Sanchez Lucena, Juan"]
[Result "1-0"]
[WhiteElo "1896"]
[BlackElo "1431"]
[PlyCount "53"]
[EventDate "2017.01.20"]
[EventType "swiss"]
[EventRounds "7"]
[EventCountry "ESP"]
[SourceTitle "Ajedrez en Madrid"]
[Source "lmi"]
[SourceDate "2017.01.20"]
[SourceVersion "1"]
[SourceVersionDate "2017.01.31"]
[SourceQuality "1"]

1. b4 e5 2. a3 d6 3. e3 Nf6 4. c4 b6 5. Bb2 c5 6. Be2 Bb7 7. Bf3 Bxf3 8. Nxf3
Be7 9. Nc3 O-O 10. b5 a5 11. Qc2 h6 12. O-O-O Ra7 13. Kb1 Nbd7 14. Nh4 Ng4 15.
Qf5 Bxh4 16. Qxg4 Qg5 17. Qh3 Qd8 18. g3 Be7 19. f4 exf4 20. gxf4 Nf6 21. Rhg1
Qd7 22. Qxh6 Qf5+ 23. Ka2 Qh7 24. Qxh7+ Kxh7 25. Rg3 g6 26. Nd5 Nxd5 27. Rh3+
1-0

[Event "Madrid-ch superveteranos 2016/2017"]
[Site "Madrid ESP"]
[Date "2017.01.25"]
[Round "4.5"]
[White "Martinez Rubio, Felipe"]
[Black "Perez Pascual, Arturo"]
[Result "0-1"]
[WhiteElo "1706"]
[BlackElo "1895"]
[PlyCount "96"]
[EventDate "2017.01.20"]
[EventType "swiss"]
[EventRounds "7"]
[EventCountry "ESP"]
[SourceTitle "Ajedrez en Madrid"]
[Source "lmi"]
[SourceDate "2017.01.20"]
[SourceVersion "1"]
[SourceVersionDate "2017.01.31"]
[SourceQuality "1"]

1. d4 d5 2. Nf3 Nf6 3. e3 Bf5 4. c4 e6 5. Qb3 Qc8 6. Nc3 c6 7. Bd2 Nbd7 8. Rc1
Qb8 9. h3 Be7 10. Nh4 Bg6 11. Nxg6 hxg6 12. g3 Bd6 13. cxd5 exd5 14. Bg2 O-O
15. O-O Re8 16. Qc2 Re7 17. a3 Qe8 18. b4 a6 19. Na4 Ne4 20. Be1 f5 21. Qd1
Ndf6 22. Qf3 Re6 23. Nc5 Re7 24. Kh2 Qc8 25. Qd1 g5 26. Nxe4 Nxe4 27. Qh5 Qe8
28. Qxe8+ Raxe8 29. Bf3 Nf6 30. Kg2 Ne4 31. Bh5 Rf8 32. Bf3 Bc7 33. Rc2 Kh7 34.
Rh1 Kg6 35. Be2 Kf6 36. Bd3 Rfe8 37. Bd2 Nxd2 38. Rxd2 f4 39. gxf4 gxf4 40. Rf1
g5 41. Re2 Kg7 42. Kf3 Rf7 43. Kg4 f3 44. Ree1 Kh6 45. Rh1 Bd6 46. Bc2 Kg7 47.
Reg1 Rh8 48. Bd1 Rh4+ 0-1

[Event "Madrid-ch superveteranos 2016/2017"]
[Site "Madrid ESP"]
[Date "2017.01.25"]
[Round "4.6"]
[White "Leniz Martinez, Francisco"]
[Black "Garcia Esteban, Ignacio"]
[Result "0-1"]
[WhiteElo "1721"]
[BlackElo "1851"]
[PlyCount "74"]
[EventDate "2017.01.20"]
[EventType "swiss"]
[EventRounds "7"]
[EventCountry "ESP"]
[SourceTitle "Ajedrez en Madrid"]
[Source "lmi"]
[SourceDate "2017.01.20"]
[SourceVersion "1"]
[SourceVersionDate "2017.01.31"]
[SourceQuality "1"]

1. Nf3 Nf6 2. d4 g6 3. g3 Bg7 4. Bg2 d5 5. O-O O-O 6. b3 c5 7. Bb2 cxd4 8. Bxd4
Nc6 9. Bb2 Bf5 10. Na3 Rc8 11. c4 dxc4 12. Nxc4 Be4 13. Ncd2 Bd5 14. Rc1 Qa5
15. a3 Rfd8 16. Qe1 Be6 17. Nc4 Qb5 18. Nfd2 Qh5 19. Ba1 Bh6 20. e3 Bg7 21. Bf3
Bg4 22. Qe2 Bxf3 23. Qxf3 Ng4 24. Qg2 Bxa1 25. Rxa1 b5 26. f3 Nf6 27. Nb2 Qc5
28. Nd1 Ne5 29. Kh1 Qc2 30. Rf2 Rd7 31. Nf1 Qxb3 32. Rb2 Qa4 33. Rb4 Qa5 34.
Qe2 a6 35. Nb2 Rcd8 36. Kg2 Nd3 37. e4 Nxb4 0-1

[Event "Madrid-ch superveteranos 2016/2017"]
[Site "Madrid ESP"]
[Date "2017.01.25"]
[Round "4.7"]
[White "Cruz Gonzalez, Antonio"]
[Black "Corredor Gonzalez, Angel L"]
[Result "0-1"]
[WhiteElo "1817"]
[BlackElo "1708"]
[PlyCount "46"]
[EventDate "2017.01.20"]
[EventType "swiss"]
[EventRounds "7"]
[EventCountry "ESP"]
[SourceTitle "Ajedrez en Madrid"]
[Source "lmi"]
[SourceDate "2017.01.20"]
[SourceVersion "1"]
[SourceVersionDate "2017.01.31"]
[SourceQuality "1"]

1. e4 d5 2. exd5 Nf6 3. Nc3 Nxd5 4. Nxd5 Qxd5 5. c4 Qa5 6. Nf3 Bg4 7. Be2 Nc6
8. O-O O-O-O 9. b3 e6 10. Nd4 Bxe2 11. Nxe2 Bd6 12. Bb2 Bxh2+ 13. Kxh2 Rxd2 14.
Qc1 Rxe2 15. Kg1 f6 16. Bc3 Qf5 17. Qd1 Rc2 18. Qe1 Rd8 19. f3 Rd3 20. g4 Qc5+
21. Kh1 Qd6 22. Rf2 Rdxc3 23. Rd1 Qe5 0-1

[Event "Madrid-ch superveteranos 2016/2017"]
[Site "Madrid ESP"]
[Date "2017.01.25"]
[Round "4.8"]
[White "Alvarez Escudero, Manuel"]
[Black "Perez Cameselle, Francisco Jose"]
[Result "1-0"]
[WhiteElo "1782"]
[BlackElo "1790"]
[PlyCount "69"]
[EventDate "2017.01.20"]
[EventType "swiss"]
[EventRounds "7"]
[EventCountry "ESP"]
[SourceTitle "Ajedrez en Madrid"]
[Source "lmi"]
[SourceDate "2017.01.20"]
[SourceVersion "1"]
[SourceVersionDate "2017.01.31"]
[SourceQuality "1"]

1. e4 c5 2. Nf3 Nc6 3. Bc4 d6 4. c3 Nf6 5. d3 g6 6. h3 Bg7 7. O-O O-O 8. Bb3
Bd7 9. Be3 Rc8 10. Nbd2 b5 11. d4 cxd4 12. Nxd4 Nxd4 13. Bxd4 a5 14. a4 bxa4
15. Bxa4 Rb8 16. Bxd7 Qxd7 17. Qc2 Qb5 18. Ra2 Nd7 19. Bxg7 Kxg7 20. Rfa1 a4
21. Nf3 Nc5 22. Nd4 Qd3 23. f3 Rb7 24. Rb1 Rfb8 25. Qxd3 Nxd3 26. Rxa4 Rxb2 27.
Rxb2 Rxb2 28. Ra7 e5 29. Ne6+ Kf6 30. Nd8 h5 31. Rxf7+ Kg5 32. Ne6+ Kh6 33. h4
Ne1 34. Ng5 Rxg2+ 35. Kf1 1-0

[Event "Madrid-ch superveteranos 2016/2017"]
[Site "Madrid ESP"]
[Date "2017.01.25"]
[Round "4.9"]
[White "Rodriguez Bachiller, Luis"]
[Black "Garcia Peco, Antonio"]
[Result "1/2-1/2"]
[WhiteElo "1657"]
[BlackElo "1488"]
[PlyCount "90"]
[EventDate "2017.01.20"]
[EventType "swiss"]
[EventRounds "7"]
[EventCountry "ESP"]
[SourceTitle "Ajedrez en Madrid"]
[Source "lmi"]
[SourceDate "2017.01.20"]
[SourceVersion "1"]
[SourceVersionDate "2017.01.31"]
[SourceQuality "1"]

1. Nf3 d5 2. c4 e6 3. g3 Nf6 4. Bg2 Be7 5. O-O c6 6. b3 O-O 7. Bb2 h6 8. d4
Nbd7 9. Nbd2 Nh7 10. e4 dxe4 11. Nxe4 Ndf6 12. Re1 Nxe4 13. Rxe4 Nf6 14. Re2
Rb8 15. Qc2 c5 16. Rd1 Qc7 17. Red2 b6 18. Ne5 Bb7 19. d5 exd5 20. cxd5 Rfd8
21. Nc6 Bxc6 22. dxc6 Rxd2 23. Rxd2 Rd8 24. Qd1 Rxd2 25. Qxd2 Qd6 26. Bc1 Qxd2
27. Bxd2 Bd6 28. f4 Ne8 29. Kf2 Nc7 30. Bc3 f5 31. Ke3 Kf7 32. Bf1 g6 33. Bc4+
Ke7 34. Bg7 h5 35. a4 a5 36. Bh6 Ne6 37. Bxe6 Kxe6 38. Kd3 Kd5 39. Bg7 Kxc6 40.
Kc4 Be7 41. Be5 h4 42. gxh4 Bxh4 43. Bg7 Be7 44. Bh6 Bd6 45. Bg5 Bc7 1/2-1/2

[Event "Madrid-ch superveteranos 2016/2017"]
[Site "Madrid ESP"]
[Date "2017.01.25"]
[Round "4.11"]
[White "Cupeiro Fernandez, Manuel"]
[Black "Fernandez-Bujarrabal V., Pedro"]
[Result "1-0"]
[WhiteElo "1525"]
[BlackElo "1606"]
[PlyCount "27"]
[EventDate "2017.01.20"]
[EventType "swiss"]
[EventRounds "7"]
[EventCountry "ESP"]
[SourceTitle "Ajedrez en Madrid"]
[Source "lmi"]
[SourceDate "2017.01.20"]
[SourceVersion "1"]
[SourceVersionDate "2017.01.31"]
[SourceQuality "1"]

1. e4 e5 2. Nf3 Nc6 3. d4 exd4 4. Nxd4 Qf6 5. c3 Bc5 6. Be3 Nge7 7. Be2 a6 8.
O-O O-O 9. Kh1 Bd6 10. f4 Qh6 11. Bg4 Ng6 12. Nf5 Qxf4 13. Bxf4 Nxf4 14. Nxd6
1-0

[Event "Madrid-ch superveteranos 2016/2017"]
[Site "Madrid ESP"]
[Date "2017.01.25"]
[Round "4.12"]
[White "Albo Benarroch, Angel"]
[Black "Arroyo Fraile, Mario"]
[Result "1-0"]
[WhiteElo "1784"]
[BlackElo "1552"]
[PlyCount "59"]
[EventDate "2017.01.20"]
[EventType "swiss"]
[EventRounds "7"]
[EventCountry "ESP"]
[SourceTitle "Ajedrez en Madrid"]
[Source "lmi"]
[SourceDate "2017.01.20"]
[SourceVersion "1"]
[SourceVersionDate "2017.01.31"]
[SourceQuality "1"]

1. d4 Nf6 2. c4 e5 3. dxe5 Ne4 4. Nf3 Nc6 5. Nbd2 Bb4 6. a3 Bc5 7. Nxe4 b6 8.
Nxc5 bxc5 9. Bg5 Ne7 10. e3 d6 11. Bxe7 Qxe7 12. exd6 cxd6 13. Be2 O-O 14. O-O
Rd8 15. Qc2 Bb7 16. Qf5 Be4 17. Qg4 Re8 18. Nd2 f5 19. Qg3 Bc6 20. Bf3 Qd7 21.
Bxc6 Qxc6 22. Qf3 Qd7 23. Qd5+ Kh8 24. Nf3 Rab8 25. Rab1 Rf8 26. Rfd1 Rf6 27.
Qxc5 Rc8 28. Qd5 Rc5 29. Qd4 a5 30. Qxc5 1-0

[Event "Madrid-ch superveteranos 2016/2017"]
[Site "Madrid ESP"]
[Date "2017.01.25"]
[Round "4.13"]
[White "Diaz Begonte, Manuel"]
[Black "Martin Rodriguez, Jose Luis"]
[Result "0-1"]
[WhiteElo "1658"]
[BlackElo "1327"]
[PlyCount "58"]
[EventDate "2017.01.20"]
[EventType "swiss"]
[EventRounds "7"]
[EventCountry "ESP"]
[SourceTitle "Ajedrez en Madrid"]
[Source "lmi"]
[SourceDate "2017.01.20"]
[SourceVersion "1"]
[SourceVersionDate "2017.01.31"]
[SourceQuality "1"]

1. e4 e6 2. d3 d5 3. Nd2 Nf6 4. g3 dxe4 5. dxe4 e5 6. Ngf3 Nbd7 7. Bg2 Bd6 8.
O-O O-O 9. Qe2 c6 10. Nc4 Bc7 11. Rd1 Qe7 12. b3 b5 13. Ba3 b4 14. Bb2 Rd8 15.
c3 a5 16. a3 c5 17. axb4 cxb4 18. cxb4 Qxb4 19. Qc2 Bb7 20. Nfxe5 Bxe5 21. Nxe5
Qb5 22. Nc4 Rac8 23. Bxf6 gxf6 24. Qe2 Ne5 25. Rxa5 Qxb3 26. Ne3 Rxd1+ 27. Nxd1
Rc1 28. Rxe5 Qxd1+ 29. Qxd1 Rxd1+ 0-1

[Event "Madrid-ch superveteranos 2016/2017"]
[Site "Madrid ESP"]
[Date "2017.01.25"]
[Round "4.14"]
[White "Martinez Carrasco, Jesus"]
[Black "Buergo Villanueva, Fernando"]
[Result "0-1"]
[WhiteElo "1636"]
[BlackElo "1290"]
[PlyCount "70"]
[EventDate "2017.01.20"]
[EventType "swiss"]
[EventRounds "7"]
[EventCountry "ESP"]
[SourceTitle "Ajedrez en Madrid"]
[Source "lmi"]
[SourceDate "2017.01.20"]
[SourceVersion "1"]
[SourceVersionDate "2017.01.31"]
[SourceQuality "1"]

1. d4 d5 2. c4 Nf6 3. e3 e6 4. Nc3 Bb4 5. Qc2 Ne4 6. Nf3 Nc6 7. Bd3 Qf6 8. O-O
Nxc3 9. bxc3 Be7 10. cxd5 exd5 11. Qb3 Bg4 12. Be2 b6 13. Qxd5 Rd8 14. Qb5 O-O
15. h3 Bc8 16. e4 Qg6 17. Kh2 a6 18. Qa4 b5 19. Qb3 Qxe4 20. Re1 Bd6+ 21. g3
Be6 22. Qd1 Qd5 23. Ng5 Be7 24. Nxe6 fxe6 25. Be3 Bg5 26. Qd2 Rxf2+ 27. Bxf2
Bxd2 28. Rf1 Bxc3 29. Rac1 Bb2 30. Rc2 Ba3 31. Bg1 Bd6 32. Bf3 Qg5 33. Bg4 Nb4
34. Bxe6+ Kh8 35. Rc3 Qd2+ 0-1

[Event "Madrid-ch superveteranos 2016/2017"]
[Site "Madrid ESP"]
[Date "2017.01.25"]
[Round "4.15"]
[White "Perez Gonzalez, Jesus Miguel"]
[Black "De Juan Rivas, Antonio"]
[Result "1/2-1/2"]
[WhiteElo "1634"]
[BlackElo "1682"]
[PlyCount "86"]
[EventDate "2017.01.20"]
[EventType "swiss"]
[EventRounds "7"]
[EventCountry "ESP"]
[SourceTitle "Ajedrez en Madrid"]
[Source "lmi"]
[SourceDate "2017.01.20"]
[SourceVersion "1"]
[SourceVersionDate "2017.01.31"]
[SourceQuality "1"]

1. g3 Nf6 2. Bg2 g6 3. c4 d6 4. d4 Bg7 5. Nc3 O-O 6. e4 e5 7. d5 Na6 8. Nge2
Bd7 9. O-O c6 10. a4 cxd5 11. cxd5 Nc5 12. b4 Na6 13. Rb1 b6 14. h3 Nc7 15. f4
Qc8 16. fxe5 dxe5 17. d6 Nce8 18. Bg5 Bxh3 19. Bxf6 Nxf6 20. Rxf6 Bxf6 21. Nd5
Bd8 22. Rc1 Qe6 23. Rc6 Bxg2 24. Kxg2 Kg7 25. b5 Rc8 26. Nc7 Bxc7 27. d7 Qg4
28. dxc8=Q Rxc8 29. Qf1 Qxe4+ 30. Kh2 f5 31. Nc3 Qd4 32. Qc1 Qf2+ 33. Kh3 f4
34. Ne4 Qe3 35. Rxc7+ Rxc7 36. Qxc7+ Kh6 37. Qc2 Qf3 38. Kh2 Qh5+ 39. Kg1 Qf3
40. gxf4 exf4 41. Qh2+ Kg7 42. Qc2 Qe3+ 43. Kh2 Qf3 1/2-1/2

[Event "Madrid-ch superveteranos 2016/2017"]
[Site "Madrid ESP"]
[Date "2017.01.25"]
[Round "4.16"]
[White "Osanz Diaz, Francisco"]
[Black "Olano Lanchas, Dionisio"]
[Result "1-0"]
[WhiteElo "1622"]
[BlackElo "1692"]
[PlyCount "58"]
[EventDate "2017.01.20"]
[EventType "swiss"]
[EventRounds "7"]
[EventCountry "ESP"]
[SourceTitle "Ajedrez en Madrid"]
[Source "lmi"]
[SourceDate "2017.01.20"]
[SourceVersion "1"]
[SourceVersionDate "2017.01.31"]
[SourceQuality "1"]

1. d4 f5 2. Nf3 d6 3. c4 Nf6 4. Nc3 c6 5. h3 e6 6. Bg5 Nbd7 7. e3 Qb6 8. Qc2 a5
9. Be2 Be7 10. O-O O-O 11. Rac1 Rf7 12. Na4 Qc7 13. Rfd1 b6 14. Qb1 Nf8 15. Nc3
h6 16. Bf4 g5 17. Bh2 Qb7 18. e4 f4 19. e5 Ne8 20. Ne4 d5 21. cxd5 exd5 22. a3
Ng7 23. Nfd2 c5 24. dxc5 Bxc5 25. Nxc5 bxc5 26. Rxc5 Qb6 27. Kh1 a4 28. Rdc1
Bb7 29. Rb5 Qa7 1-0

[Event "Madrid-ch superveteranos 2016/2017"]
[Site "Madrid ESP"]
[Date "2017.01.26"]
[Round "5.1"]
[White "Fernandez Garcia, Ignacio"]
[Black "Pastor Alonso de Prado, Emilio Alberto"]
[Result "0-1"]
[WhiteElo "1833"]
[BlackElo "2113"]
[PlyCount "94"]
[EventDate "2017.01.20"]
[EventType "swiss"]
[EventRounds "7"]
[EventCountry "ESP"]
[SourceTitle "Ajedrez en Madrid"]
[Source "lmi"]
[SourceDate "2017.01.20"]
[SourceVersion "1"]
[SourceVersionDate "2017.01.31"]
[SourceQuality "1"]

1. e4 d5 2. exd5 Qxd5 3. Nc3 Qa5 4. d4 Nf6 5. Bd3 Bg4 6. Nge2 e6 7. Bd2 Nc6 8.
f3 Bh5 9. a3 a6 10. Ne4 Qb6 11. c3 O-O-O 12. b4 Nxe4 13. fxe4 Ne5 14. Bf4 Nxd3+
15. Qxd3 Bg6 16. Qe3 Qc6 17. Ng3 Qc4 18. Ne2 f6 19. O-O Bd6 20. Bxd6 cxd6 21.
Nf4 Kb8 22. Rfd1 Bf7 23. a4 e5 24. Ne2 Bh5 25. Kf2 Rhe8 26. Qd3 Rc8 27. Rac1
exd4 28. cxd4 Qxd3 29. Rxc8+ Kxc8 30. Rxd3 Bxe2 31. Kxe2 Rxe4+ 32. Kd2 Kd7 33.
Rg3 g6 34. Kd3 d5 35. Rf3 f5 36. Rf1 h5 37. b5 axb5 38. axb5 Rg4 39. Rf2 Kc7
40. Rb2 Kb6 41. Ke3 h4 42. h3 Re4+ 43. Kd3 f4 44. Kc3 Re3+ 45. Kd2 Rg3 46. Ke1
f3 47. gxf3 Rxf3 0-1

[Event "Madrid-ch superveteranos 2016/2017"]
[Site "Madrid ESP"]
[Date "2017.01.26"]
[Round "5.2"]
[White "Ciuro Munoz, Ricardo"]
[Black "Estrada Martinez, Cesar"]
[Result "0-1"]
[WhiteElo "2015"]
[BlackElo "2067"]
[PlyCount "68"]
[EventDate "2017.01.20"]
[EventType "swiss"]
[EventRounds "7"]
[EventCountry "ESP"]
[SourceTitle "Ajedrez en Madrid"]
[Source "lmi"]
[SourceDate "2017.01.20"]
[SourceVersion "1"]
[SourceVersionDate "2017.01.31"]
[SourceQuality "1"]

1. e4 c5 2. Nf3 Nc6 3. d4 cxd4 4. Nxd4 Nf6 5. Nc3 g6 6. Nxc6 bxc6 7. e5 Ng8 8.
Bc4 Qa5 9. Qe2 Bg7 10. O-O Qxe5 11. Qf3 Nf6 12. Bf4 Qc5 13. Bb3 O-O 14. Rfe1 e6
15. Be5 Qe7 16. Rad1 d5 17. Na4 Nh5 18. Bxg7 Nxg7 19. c4 Qh4 20. Nc5 Nf5 21. g3
Qe7 22. Na4 Qb4 23. Qc3 Qxc3 24. Nxc3 Ba6 25. cxd5 cxd5 26. Ne2 Bxe2 27. Rxe2
Rfc8 28. Kg2 Rc7 29. f4 Rac8 30. g4 Nd6 31. h4 Rc1 32. Rd4 h5 33. f5 gxf5 34.
gxh5 Kh7 0-1

[Event "Madrid-ch superveteranos 2016/2017"]
[Site "Madrid ESP"]
[Date "2017.01.26"]
[Round "5.3"]
[White "Perez Pascual, Arturo"]
[Black "Mayer Schwartz, Rene"]
[Result "1/2-1/2"]
[WhiteElo "1895"]
[BlackElo "2032"]
[PlyCount "52"]
[EventDate "2017.01.20"]
[EventType "swiss"]
[EventRounds "7"]
[EventCountry "ESP"]
[SourceTitle "Ajedrez en Madrid"]
[Source "lmi"]
[SourceDate "2017.01.20"]
[SourceVersion "1"]
[SourceVersionDate "2017.01.31"]
[SourceQuality "1"]

1. e4 e5 2. Nf3 Nc6 3. Bb5 Bc5 4. c3 Qf6 5. d3 a6 6. Ba4 Nge7 7. Bb3 d6 8. h3
h6 9. Nbd2 Ng6 10. g3 Nge7 11. Nf1 g5 12. Ne3 Bd7 13. g4 O-O-O 14. Bd2 Rdg8 15.
Qe2 Bxe3 16. Bxe3 Ng6 17. O-O-O Nf4 18. Bxf4 Qxf4+ 19. Qe3 Rg7 20. Qxf4 gxf4
21. d4 f6 22. Rdg1 Re8 23. dxe5 Nxe5 24. Nxe5 dxe5 25. f3 Be6 26. Bxe6+ Rxe6
1/2-1/2

[Event "Madrid-ch superveteranos 2016/2017"]
[Site "Madrid ESP"]
[Date "2017.01.26"]
[Round "5.4"]
[White "Garcia Esteban, Ignacio"]
[Black "Campos Calvo-Sotelo, Juan"]
[Result "1/2-1/2"]
[WhiteElo "1851"]
[BlackElo "1896"]
[PlyCount "47"]
[EventDate "2017.01.20"]
[EventType "swiss"]
[EventRounds "7"]
[EventCountry "ESP"]
[SourceTitle "Ajedrez en Madrid"]
[Source "lmi"]
[SourceDate "2017.01.20"]
[SourceVersion "1"]
[SourceVersionDate "2017.01.31"]
[SourceQuality "1"]

1. e4 b6 2. d4 Bb7 3. Bd3 e6 4. Nf3 Nf6 5. Qe2 d6 6. O-O Be7 7. Nc3 Nbd7 8. Bd2
c5 9. dxc5 dxc5 10. Rad1 h6 11. h3 Qb8 12. Rfe1 a6 13. a4 Qc7 14. b3 Ne5 15.
Nxe5 Qxe5 16. Nb1 Qh5 17. Qxh5 Nxh5 18. e5 g5 19. Nc3 O-O-O 20. g3 Rd7 21. Be3
Rhd8 22. Be2 Ng7 23. Rxd7 Rxd7 24. g4 1/2-1/2

[Event "Madrid-ch superveteranos 2016/2017"]
[Site "Madrid ESP"]
[Date "2017.01.26"]
[Round "5.5"]
[White "Corredor Gonzalez, Angel L"]
[Black "Alvarez Escudero, Manuel"]
[Result "1-0"]
[WhiteElo "1708"]
[BlackElo "1782"]
[PlyCount "57"]
[EventDate "2017.01.20"]
[EventType "swiss"]
[EventRounds "7"]
[EventCountry "ESP"]
[SourceTitle "Ajedrez en Madrid"]
[Source "lmi"]
[SourceDate "2017.01.20"]
[SourceVersion "1"]
[SourceVersionDate "2017.01.31"]
[SourceQuality "1"]

1. e4 e5 2. Nf3 Nc6 3. Bc4 Be7 4. d4 exd4 5. Nxd4 d6 6. Nxc6 bxc6 7. O-O Nf6 8.
Nc3 O-O 9. h3 h6 10. Qf3 Be6 11. Bd3 Nd7 12. Qh5 Nf6 13. Qe2 Qd7 14. f4 Qd8 15.
e5 Nd5 16. Qe4 f5 17. exf6 Nxf6 18. Qxe6+ Kh8 19. Re1 Ng8 20. Qe4 Nf6 21. Qxe7
Qc8 22. Bd2 Qb7 23. Qe6 Qb6+ 24. Kh1 Rfe8 25. Qb3 Qf2 26. Rxe8+ Rxe8 27. Qf7
Qxd2 28. Ne4 Rxe4 29. Bxe4 1-0

[Event "Madrid-ch superveteranos 2016/2017"]
[Site "Madrid ESP"]
[Date "2017.01.26"]
[Round "5.7"]
[White "Cruz Gonzalez, Antonio"]
[Black "Ortega Morales, Pedro"]
[Result "0-1"]
[WhiteElo "1817"]
[BlackElo "1748"]
[PlyCount "80"]
[EventDate "2017.01.20"]
[EventType "swiss"]
[EventRounds "7"]
[EventCountry "ESP"]
[SourceTitle "Ajedrez en Madrid"]
[Source "lmi"]
[SourceDate "2017.01.20"]
[SourceVersion "1"]
[SourceVersionDate "2017.01.31"]
[SourceQuality "1"]

1. e4 e5 2. Nf3 Nc6 3. Bc4 Bc5 4. c3 Nf6 5. d3 d6 6. h3 h6 7. a4 a6 8. O-O O-O
9. Re1 Bd7 10. Nbd2 Re8 11. b4 Ba7 12. Nf1 b5 13. Bb3 Ne7 14. Be3 Ng6 15. axb5
Bxe3 16. Nxe3 axb5 17. Ra5 c6 18. Qa1 Nf4 19. Qa2 Rf8 20. Ra1 Rb8 21. Qc2 Kh8
22. d4 Qe8 23. dxe5 dxe5 24. Nf5 Bxf5 25. exf5 N6d5 26. Kf1 f6 27. Nh4 Ne7 28.
Ra7 Kh7 29. Rc7 Nfd5 30. Bxd5 Nxd5 31. Rca7 Rf7 32. R7a5 Nb6 33. Qe4 Nc4 34.
R5a2 Rd7 35. Nf3 Rbd8 36. g3 Rd3 37. Qg4 R8d7 38. Kg2 Rxc3 39. Ra8 Qf7 40. Nh4
h5 0-1